Statistics for NXT Champions 2012-2023

Click here to take the quiz!

General Stats

  • This quiz has been taken 26 times
    (8 since last reset)
  • The average score is 28 of 32

Answer Stats

HintAnswer% Correct
2019Adam Cole
100%
2014Adrian Neville
100%
2017Bobby Roode
100%
2022Bron Breakker
100%
2022Bron Breakker
100%
2023Carmelo Hayes
100%
2022Dolph Ziggler
100%
2017Drew McIntyre
100%
2020Finn Balor
100%
2015Finn Balor
100%
2019Johnny Gargano
100%
2021Karrion Kross
100%
2020Karrion Kross
100%
2015Kevin Owens
100%
2014Sami Zayn
100%
2016Samoa Joe
100%
2021Samoa Joe
100%
2016Samoa Joe
100%
2012Seth Rollins
100%
2016Shinsuke Nakamura
100%
2016Shinsuke Nakamura
100%
2018Tommaso Ciampa
100%
2021Tommaso Ciampa
100%
2018Aleister Black
80%
2017Andrade Cien Almas
80%
2013Big E Langston
80%
2020Keith Lee
80%
2013Bo Dallas
60%
2023Ilja Dragunov
40%
2019Vacant
20%
2020Vacant
20%
2021Vacant
20%

Score Distribution

Percentile by Number Answered

Percent of People with Each Score

Your Score History

You have not taken this quiz since the last reset